Mistrz Włoch w piłce nożnej - Statystyki

Ogólne statystyki
  • Ten quiz został rozwiązany 28 razy
  • Średni wynik to 9 z 16
Statystyki odpowiedzi
Ilość Klub % Poprawnych
36 Juventus
100%
19 Milan
100%
3 Roma
96%
20 Inter
93%
4 Napoli
93%
2 Lazio
85%
2 Fiorentina
74%
7 Torino
70%
1 Sampdoria
59%
7 Bologna
56%
9 Genoa
52%
1 Cagliari
33%
1 Hellas Verona
30%
7 Pro Vercelli
4%
1 Casale
0%
1 Novese
0%
Nie znaleziono quizów pasujących do podanych kryteriów
Rozkład punktacji
Procent ludzi z każdym wynikiem
Percentyl według liczby udzielonych odpowiedzi
Twoja historia wyników
Nie rozwiązałeś tego quizu